[Event "Sandnes CC-ch"]
[Site "Sandnes"]
[Date "2015.02.03"]
[Round "1"]
[White "Kakushadze, Ilia"]
[Black "Breiland, John"]
[Result "1-0"]
[WhiteElo "2048"]
[BlackElo "1650"]
[PlyCount "83"]
[EventDate "2015.02.03"]
[EventType "swiss"]
[EventRounds "7"]
[EventCountry "NOR"]
[SourceTitle "EXT 2017"]
[Source "ChessBase"]
[SourceDate "2016.10.25"]
[SourceVersion "1"]
[SourceVersionDate "2016.10.25"]
[SourceQuality "1"]

1. e4 e5 2. Nf3 Nc6 3. d4 exd4 4. Bc4 Bb4+ 5. c3 dxc3 6. bxc3 Be7 7. Qd5 Nh6 8. Bxh6 0-0 9. Bg5 d6 10. Bxe7 Qxe7 11. 0-0 Be6 12. Qd3 Bg4 13. Nbd2 Kh8 14. h3 Bh5 15. Rab1 Na5 16. Rb5 Nxc4 17. Rxh5 g6 18. Rb5 c6 19. Rb4 Nb6 20. Re1 Rad8 21. Nc4 Nc8 22. Na5 Rd7 23. c4 d5 24. Qc3+ d4 25. Nxd4 Kg8 26. Re3 Rxd4 27. Rxb7 Rd1+ 28. Kh2 Qc5 29. Nb3 Qh5 30. Qf6 Rd6 31. Qf4 g5 32. Qf5 Qg6 33. Rg3 h6 34. f4 Qxf5 35. exf5 f6 36. h4 Rf7 37. Rb8 Rc7 38. fxg5 hxg5 39. hxg5 fxg5 40. Rxg5+ Kf7 41. Nc5 Rh6+ 42. Kg1 1-0

[Event "Thessaloniki Triandria op 5th"]
[Site "Thessaloniki"]
[Date "2012.04.20"]
[Round "4"]
[White "Kiratzopoulos, Efthimios"]
[Black "Kakushadze, Ilia"]
[Result "0-1"]
[WhiteElo "2170"]
[BlackElo "2049"]
[PlyCount "102"]
[EventDate "2012.04.17"]
[EventType "swiss"]
[EventRounds "7"]
[EventCountry "GRE"]
[SourceTitle "EXT 2014"]
[Source "ChessBase"]
[SourceDate "2013.11.20"]
[SourceVersion "1"]
[SourceVersionDate "2013.11.20"]
[SourceQuality "1"]

1. d4 Nf6 2. Nc3 d6 3. Bg5 g6 4. f3 Bg7 5. Qd2 c6 6. Bh6 Bxh6 7. Qxh6 b5 8. 0-0-0 Qa5 9. e4 b4 10. Nb1 Qxa2 11. Ne2 Ba6 12. Nf4 Nbd7 13. Bxa6 Qxa6 14. e5 dxe5 15. dxe5 Nxe5 16. Rhe1 Qb5 17. Ne2 Qc5 18. Nd4 0-0-0 19. Qf4 Nc4 20. Nb3 Rxd1+ 21. Rxd1 Qe3+ 22. Qxe3 Nxe3 23. Re1 Nxg2 24. Rxe7 Re8 25. Rxf7 Nd5 26. Kd2 Ngf4 27. Nc1 Re5 28. c3 bxc3+ 29. Nxc3 Rh5 30. Nxd5 Rxh2+ 31. Ke3 Nxd5+ 32. Kd4 Rd2+ 33. Ke5 Rxb2 34. Nd3 Rb7 35. Rf8+ Kc7 36. Nc5 Rb5 37. Rf7+ Ne7 38. Kd4 Kd6 39. Rf6+ Kc7 40. Rf7 Kb6 41. Nd7+ Kc7 42. Nc5 Rb4+ 43. Kc3 Rh4 44. Rxe7+ Kd6 45. Re4 Rxe4 46. Nxe4+ Ke5 47. Kd3 Kf4 48. Ke2 a5 49. Nf2 a4 50. Nd3+ Kg3 51. Nb4 a3 0-1

[Event "Thessaloniki Triandria op 2nd"]
[Site "Thessaloniki"]
[Date "2009.04.26"]
[Round "7"]
[White "Kakushadze, Ilia"]
[Black "Galopoulos, Panagiotis"]
[Result "0-1"]
[WhiteElo "2012"]
[BlackElo "2151"]
[PlyCount "70"]
[EventDate "2009.04.21"]
[EventType "swiss"]
[EventRounds "7"]
[EventCountry "GRE"]
[SourceTitle "EXT 2024"]
[Source "ChessBase"]
[SourceDate "2023.10.10"]
[SourceVersion "1"]
[SourceVersionDate "2023.10.10"]
[SourceQuality "1"]

1. e4 c5 2. b3 Nc6 3. Bb2 e6 4. Bb5 Nf6 5. Bxc6 bxc6 6. d3 d5 7. e5 Nd7 8. Ne2 Be7 9. 0-0 0-0 10. f4 c4 11. dxc4 dxc4 12. Ng3 Nb6 13. Qe2 Nd5 14. Nc3 Qb6+ 15. Kh1 Ba6 16. Nxd5 cxd5 17. f5 c3 18. Qg4 cxb2 19. f6 Bxf6 20. exf6 g6 21. Rab1 Bxf1 22. Nxf1 Qf2 23. Qg5 Kh8 24. Nd2 Rac8 25. c4 dxc4 26. bxc4 Rcd8 27. Nf3 Qc2 28. Rg1 b1Q 29. h3 Qxg1+ 30. Kxg1 Qf5 31. Qh4 Qh5 32. Qf4 Qf5 33. Qh4 Rd3 34. Qh6 Rg8 35. Ng5 Rd1+ 0-1

[Event "Thessaloniki Triandria op 2nd"]
[Site "Thessaloniki"]
[Date "2009.04.24"]
[Round "4"]
[White "Argiroudis, Stamatis"]
[Black "Kakushadze, Ilia"]
[Result "1-0"]
[WhiteElo "2251"]
[BlackElo "2012"]
[PlyCount "31"]
[EventDate "2009.04.21"]
[EventType "swiss"]
[EventRounds "7"]
[EventCountry "GRE"]
[SourceTitle "EXT 2024"]
[Source "ChessBase"]
[SourceDate "2023.10.10"]
[SourceVersion "1"]
[SourceVersionDate "2023.10.10"]
[SourceQuality "1"]

1. d4 Nf6 2. c4 e6 3. Nc3 b6 4. e4 Bb7 5. Bd3 d5 6. cxd5 exd5 7. e5 Ne4 8. Nge2 c5 9. 0-0 Nxc3 10. bxc3 Nc6 11. Nf4 c4 12. Bc2 g5 13. Nh5 Be7 14. Qf3 Bc8 15. Ba4 Bb7 16. Ng7+ 1-0